Score 0/12 Timer 03:00
4 Plays Today
% Correct
Yeah
98.2%
Years and
98%
Yes
97.2%
Yin and
96.9%
Yo
96.2%
Yakety
96.1%
Yum
94.7%
Yellow
90.3%
Yvon Of The
87%
Yogi
62.1%
Yami
49.6%
Yang
46.5%
Remove Ads.
Support Sporcle.
Get the best of Sporcle when you Go Orange. This ad-free experience offers more features, more stats, and more fun while also helping to support Sporcle. Thank you for becoming a member.

You're not logged in!

Compare scores with friends on all Sporcle quizzes.
OR
Log In

Show Comments

Extras

Top Quizzes Today


Score Distribution

Your Account Isn't Verified!

In order to create a playlist on Sporcle, you need to verify the email address you used during registration. Go to your Sporcle Settings to finish the process.

Report this User

Report this user for behavior that violates our Community Guidelines.

Details: